| 000 | 01092nam a2200289 a 4500 | ||
|---|---|---|---|
| 001 | 1447075 | ||
| 003 | CO-ViMGA | ||
| 005 | 20230915233607.0 | ||
| 008 | 160203s2014 ck a r 00010 spa d | ||
| 020 | _a9789583044977 | ||
| 040 |
_aCO-ViMGA _bspa _cCO-ViMGA |
||
| 041 | 1 | _heng | |
| 082 | 0 | 4 |
_aI591.529 _bM37a _220 |
| 100 | 1 |
_aMertens, Dietmar. _9108 |
|
| 245 | 1 | 0 |
_aAnimales extintos y en peligro de extincion̤ / _cDietmar Mertens ; ilustrador Johann Brandstetter ; traductor Amalia Risueño. |
| 250 | _aEditor Cesar Cardozo Tovar. | ||
| 260 |
_aBogota :̀ _bPanamericana Editorial, _c2014. |
||
| 300 |
_a48 pag̀inas : _bilusttraciones ; _c28 cm. |
||
| 534 |
_pTit̕ulo original : _tAusgestorbene und bedrohte tiere. |
||
| 650 | 1 | 4 |
_aAnimales extintos _x Literatura infantil. _9109 |
| 650 | 1 | 4 |
_aProteccion̤ de los recursos naturales. _9103 |
| 650 | 1 | 4 |
_aRelacion̤ seres humanos-animales. _9110 |
| 700 | 1 |
_aBrandstetter, Johann, _eilustrador. _9111 |
|
| 700 | 1 |
_aCardozo Tovar, Cesar A, _eeditor. _9113 |
|
| 700 | 1 |
_aRisueño, Amalia, _etraductora. _9112 |
|
| 942 |
_2ddc _cBK |
||
| 999 |
_c37133 _d37133 |
||